000 00593nam a22001937a 4500
003 OSt
005 20140310182916.0
008 130129t xxu||||| |||| 00| 0 eng d
050 _aJC 599
_b.Si588 2010
082 _aFIL 342.599085
_b.Si588 2010
245 _aUnder the sharp lens
_bhuman rights monitoring and documentation in mining-affected communities
260 _aQuezon City
_bPhilippine Human Rights Information Center
_c2010
300 _aviii, 236 p.
_c22 cm.
521 _acollege students
526 _c1210L-1700L
541 _j1
562 _e1
942 _2lcc
_cBK
_kFIL
999 _c17300
_d17300